Catálogo
 En Linea

El dinero de la santa : (Registro nro. 34628)

Detalles MARC
000 -CABECERA
campo de control de longitud fija 00543nam a2200157 a 4500
001 - NÚMERO DE CONTROL
campo de control 000035137
005 - FECHA Y HORA DE LA ÚLTIMA TRANSACCIÓN
campo de control 20200930074128.0
008 - DATOS DE LONGITUD FIJA--INFORMACIÓN GENERAL
campo de control de longitud fija 111025s1908 sp 000 0 spa d
040 ## - FUENTE DE LA CATALOGACIÓN
Centro catalogador/agencia de origen DO-SdBNP
Lengua de catalogación spa
Centro/agencia transcriptor BNPHU
082 ## - NÚMERO DE LA CLASIFICACIÓN DECIMAL DEWEY
Número de clasificación xxxx
Número de documento/Ítem P438d
100 1# - ENTRADA PRINCIPAL--NOMBRE DE PERSONA
Nombre de persona Pérez Indarte, Antonio
9 (RLIN) 60839
245 13 - MENCIÓN DE TÍTULO
Título El dinero de la santa :
Resto del título juguete cómico en un acto y en prosa /
Mención de responsabilidad, etc. Antonio Pérez Indarte.
260 ## - PUBLICACIÓN, DISTRIBUCIÓN, ETC.
Lugar de publicación, distribución, etc. Madrid :
Nombre del editor, distribuidor, etc. R. Velasco,
Fecha de publicación, distribución, etc. 1908.
300 ## - DESCRIPCIÓN FÍSICA
Extensión 37 p. ;
Dimensiones 20 cm.
500 ## - NOTA GENERAL
Nota general Estrenado en el Teatro Salón Victoria la noche del 14 de junio de 1908.
Existencias
Estado de retiro Estado de pérdida Restricciones de uso No para préstamo Código de colección Localización permanente Ubicación/localización actual Ubicación en estantería Fecha de adquisición Número de inventario Total de préstamos Signatura topográfica completa Código de barras Fecha visto por última vez Precio válido a partir de Tipo de ítem Koha
      Excluido de préstamo Monografías: Libros y Folletos General General En catalogación 25.10.2011 LF1   xxxx P438d 35137-10 25.06.2020 25.06.2020 No se presta

Con tecnología Koha